<?xml version="1.0" encoding="UTF-8"?>
<collection xmlns="http://www.loc.gov/MARC21/slim">
 <record>
  <leader>03984nam a2200373 a 4500</leader>
  <controlfield tag="001">1/44723</controlfield>
  <controlfield tag="008">140627s2004    ne            001 0 eng  </controlfield>
  <datafield tag="020" ind1=" " ind2=" ">
   <subfield code="a">008047229X (electronic bk.)</subfield>
  </datafield>
  <datafield tag="020" ind1=" " ind2=" ">
   <subfield code="a">9780080472294 (electronic bk.)</subfield>
  </datafield>
  <datafield tag="020" ind1=" " ind2=" ">
   <subfield code="a">9780121641375</subfield>
  </datafield>
  <datafield tag="020" ind1=" " ind2=" ">
   <subfield code="a">0121641376</subfield>
  </datafield>
  <datafield tag="035" ind1=" " ind2=" ">
   <subfield code="l">47677</subfield>
  </datafield>
  <datafield tag="040" ind1=" " ind2=" ">
   <subfield code="a">UK-RwCLS</subfield>
   <subfield code="b">eng</subfield>
   <subfield code="c">DLC</subfield>
   <subfield code="d">SINTU</subfield>
   <subfield code="d">EEICP</subfield>
   <subfield code="d">OPELS</subfield>
   <subfield code="d">OKU</subfield>
   <subfield code="d">OCLCQ</subfield>
   <subfield code="d">OPELS</subfield>
   <subfield code="d">OCLCQ</subfield>
   <subfield code="d">N$T</subfield>
   <subfield code="d">ZCU</subfield>
   <subfield code="d">IDEBK</subfield>
   <subfield code="d">OCLCQ</subfield>
   <subfield code="d">GR-PeUP</subfield>
  </datafield>
  <datafield tag="245" ind1="0" ind2="0">
   <subfield code="a">Computer modelling of microporous materials</subfield>
   <subfield code="h">[electronic resource] /</subfield>
   <subfield code="c">edited by C.R.A. Catlow, R.A. van Santen, B. Smit.</subfield>
  </datafield>
  <datafield tag="250" ind1=" " ind2=" ">
   <subfield code="a">1st ed.</subfield>
  </datafield>
  <datafield tag="260" ind1=" " ind2=" ">
   <subfield code="a">Amsterdam ;</subfield>
   <subfield code="a">Boston :</subfield>
   <subfield code="b">Elsevier :</subfield>
   <subfield code="b">Academic Press,</subfield>
   <subfield code="c">2004.</subfield>
  </datafield>
  <datafield tag="300" ind1=" " ind2=" ">
   <subfield code="a">1 online resource (viii, 287 p. :</subfield>
   <subfield code="b">ill.)</subfield>
  </datafield>
  <datafield tag="500" ind1=" " ind2=" ">
   <subfield code="a">Title from e-book title screen (viewed Nov. 15, 2007).</subfield>
  </datafield>
  <datafield tag="504" ind1=" " ind2=" ">
   <subfield code="a">Includes bibliographical references and index.</subfield>
  </datafield>
  <datafield tag="505" ind1="0" ind2=" ">
   <subfield code="a">Static lattice modelling and structure prediction of micro- and mesoporous materials / C.R.A. Catlow, R.G. Bell and B. Slater -- Adsorption phenomena in microporous materials / B. Smit -- Dynamics of sorbed molecules in zeolites / Scott M. Auerbach, Fabien Jousse and Daniel P. Vercauteren -- Dynamic Monte Carlo simulations of diffusion and reactions in zeolites / Frerich J. Keil and Marc-Olivier Coppens -- Planewave pseudopotential modelling studies of zeolites / Julian D. Gale -- Reaction mechanisms in protonic zeolites / Xavier Rozanska and Rutger A. van Santen -- Structure and reactivity of metal ion species in high-silica zeolites / G.M. Zhidomirov, A.A. Shubin and R.A. van Santen -- Template-host interaction and template design / Dewi W. Lewis -- The interplay of simulation and experiment in zeolite science / Clive Freeman and Jθorg-Rθudiger Hill.</subfield>
  </datafield>
  <datafield tag="520" ind1=" " ind2=" ">
   <subfield code="a">Microporous materials, including both zeolites and aluminophosphates are amongst the most fascinating classes of materials, with wide ranging important applications in catalysis, gas separation and ion exchange. The breadth of the field has, moreover, been extended in the last ten years by the discovery of the versatile and exciting ranges of mesoporous materials. Computational methods have a long and successful history of application in solid state and materials science, where they are indeed established tools in modelling structural and dynamic properties of the bulk and surfaces of solids; and where they are playing an increasingly important role in understanding reactivity. Their application to zeolite science developed strongly in the 1980's, with the initial successes in modelling structure and sorption, and with emerging capability in quantum mechanical methods. The field was reviewed over ten years, since then there have been major developments in techniques and of course the power of the available hardware, which have promoted a whole range of new applications to real complex problems in the science of microporous materials. This book aims to summarise and illustrate the current capabilities of atomistic computer modelling methods in this growing field. - Details advances in the rapidly expanding field of microporous materials. - Summarises key current techniques in this type of modelling. - Illustrates the current capabilities of atomistic computer modelling methods.</subfield>
  </datafield>
  <datafield tag="650" ind1=" " ind2="4">
   <subfield code="a">Porous materials</subfield>
   <subfield code="x">Computer simulation.</subfield>
  </datafield>
  <datafield tag="650" ind1=" " ind2="4">
   <subfield code="a">Microstructure</subfield>
   <subfield code="x">Computer simulation.</subfield>
  </datafield>
  <datafield tag="650" ind1=" " ind2="4">
   <subfield code="a">Matβeriaux poreux.</subfield>
  </datafield>
  <datafield tag="655" ind1=" " ind2="4">
   <subfield code="a">Electronic books.</subfield>
  </datafield>
  <datafield tag="700" ind1="1" ind2=" ">
   <subfield code="a">Catlow, C. R. A.</subfield>
   <subfield code="q">(Charles Richard Arthur),</subfield>
   <subfield code="d">1947-</subfield>
  </datafield>
  <datafield tag="700" ind1="1" ind2=" ">
   <subfield code="a">Santen, R. A. van</subfield>
   <subfield code="q">(Rutger A.)</subfield>
  </datafield>
  <datafield tag="700" ind1="1" ind2=" ">
   <subfield code="a">Smit, B. J.</subfield>
   <subfield code="q">(Berend J.),</subfield>
   <subfield code="d">1935-</subfield>
  </datafield>
  <datafield tag="852" ind1=" " ind2=" ">
   <subfield code="a">INST</subfield>
   <subfield code="b">UNIPILB</subfield>
   <subfield code="c">EBOOKS</subfield>
   <subfield code="e">20140627</subfield>
   <subfield code="p">00b47677</subfield>
   <subfield code="q">00b47677</subfield>
   <subfield code="t">ONLINE</subfield>
   <subfield code="y">0</subfield>
  </datafield>
  <datafield tag="856" ind1="4" ind2="0">
   <subfield code="3">ScienceDirect</subfield>
   <subfield code="u">http://www.sciencedirect.com/science/book/9780121641375</subfield>
  </datafield>
  <datafield tag="856" ind1="4" ind2=" ">
   <subfield code="d">/webopac/covers/03/47677_008047229X.jpg</subfield>
   <subfield code="z">(electronic bk.)</subfield>
  </datafield>
  <datafield tag="856" ind1="4" ind2=" ">
   <subfield code="d">/webopac/covers/03/47677_9780080472294.jpg</subfield>
   <subfield code="z">(electronic bk.)</subfield>
  </datafield>
  <datafield tag="856" ind1="4" ind2=" ">
   <subfield code="d">/webopac/covers/03/47677_9780121641375.jpg</subfield>
  </datafield>
  <datafield tag="856" ind1="4" ind2=" ">
   <subfield code="d">/webopac/covers/03/47677_0121641376.jpg</subfield>
  </datafield>
 </record>
</collection>
